000 00327nam a22001457a 4500
008 230221b ||||| |||| 00| 0 eng d
020 _a9780077427931
041 _aeng
080 _2SIXTH EDITION
_a781
082 _a781CHA
100 _a20
101 _aMUZIK
245 _aROCK MUSIC STYLES
_cCHARLTON K
942 _2udc
_cBK
999 _c59355
_d59355